Online
Catalog

La isla del derecho : (Record no. 27080)

MARC details
000 -CABECERA
campo de control de longitud fija 00977nam a2200253 a 4500
001 - NÚMERO DE CONTROL
campo de control 000027588
005 - FECHA Y HORA DE LA ÚLTIMA TRANSACCIÓN
campo de control 20240314175048.0
008 - DATOS DE LONGITUD FIJA--INFORMACIÓN GENERAL
campo de control de longitud fija 110401s1999 dr ac r 000 0 spa d
040 ## - FUENTE DE LA CATALOGACIÓN
Centro catalogador/agencia de origen DO-SdBNP
Lengua de catalogación spa
Centro/agencia transcriptor BNPHU
082 ## - NÚMERO DE LA CLASIFICACIÓN DECIMAL DEWEY
Número de clasificación 972.94
Número de documento/Ítem L817i, 1999
100 1# - ENTRADA PRINCIPAL--NOMBRE DE PERSONA
Nombre de persona Lockward, Angel,
9 (RLIN) 11034
245 13 - MENCIÓN DE TÍTULO
Título La isla del derecho :
Resto del título ...y cada uno en su lado /
Mención de responsabilidad, etc. Angel Lockward.
250 ## - MENCIÓN DE EDICIÓN
Mención de edición 3a. ed.
260 ## - PUBLICACIÓN, DISTRIBUCIÓN, ETC.
Lugar de publicación, distribución, etc. Santo Domingo :
Nombre del editor, distribuidor, etc. Centenario,
Fecha de publicación, distribución, etc. 1999.
300 ## - DESCRIPCIÓN FÍSICA
Extensión 223 p. :
Otras características físicas il., retrs. ;
Dimensiones 23 cm.
500 ## - NOTA GENERAL
Nota general Incluye datos biográficos del autor en la solapa de la cubierta
650 #4 - PUNTO DE ACCESO ADICIONAL DE MATERIA--TÉRMINO DE MATERIA
Término de materia o nombre geográfico como elemento de entrada Haití
Subdivisión general Historia
9 (RLIN) 43922
650 #4 - PUNTO DE ACCESO ADICIONAL DE MATERIA--TÉRMINO DE MATERIA
Término de materia o nombre geográfico como elemento de entrada Haití
Subdivisión general Política y gobierno
9 (RLIN) 13498
650 #4 - PUNTO DE ACCESO ADICIONAL DE MATERIA--TÉRMINO DE MATERIA
Término de materia o nombre geográfico como elemento de entrada Haití
Subdivisión general Relaciones exteriores
Subdivisión geográfica República Dominicana
9 (RLIN) 54681
650 #4 - PUNTO DE ACCESO ADICIONAL DE MATERIA--TÉRMINO DE MATERIA
Término de materia o nombre geográfico como elemento de entrada República dominicana
Subdivisión general Relaciones exteriores
Subdivisión geográfica Haití
9 (RLIN) 54682
651 #4 - PUNTO DE ACCESO ADICIONAL DE MATERIA--NOMBRE GEOGRÁFICO
Nombre geográfico República Dominicana
Subdivisión general Historia Constitucional
9 (RLIN) 6486
651 #4 - PUNTO DE ACCESO ADICIONAL DE MATERIA--NOMBRE GEOGRÁFICO
Nombre geográfico Haití
Subdivisión general Historia Constitucional
9 (RLIN) 54683
910 ## - DATOS DE OPCIÓN DEL USUARIO (OCLC)
Datos de opción del usuario Validado. Control de calidad MFF
Holdings
Estado de retiro Estado de pérdida No para préstamo Código de colección Localización permanente Ubicación/localización actual Ubicación en estantería Fecha de adquisición Número de inventario Total de préstamos Signatura topográfica completa Código de barras Fecha visto por última vez Precio válido a partir de Tipo de ítem Koha Número de copia Restricciones de uso Nota pública
    Excluido de préstamo Patrimonio Dominicano General General Depósito 01.04.2011 LF1   972.94 L817i, 1999 27588-10 25.06.2020 25.06.2020 Libro y Folleto Colección Patrimonio Dominicano      
    Excluido de préstamo Patrimonio Dominicano General General Depósito 01.04.2011 LF1   972.94 L817i, 1999 27588-20 25.06.2020 25.06.2020 Libro y Folleto Colección Patrimonio Dominicano e. 2    
      Dominicana de Servicio General General Depósito 01.04.2011 LF1   972.94 L817i, 1999 27588-30 25.06.2020 25.06.2020 Libro y Folleto Colección Dominicana de Servicio e. 3   Perteneció a la biblioteca personal de Raquel Martínez.

Powered by Koha